000 00498nam a2200145 a 4500
008 120416s1983 ||||||||||||||||| || u
020 _a0860252280
050 _aPR 6052. R35S8 B37
100 _aBrand, Max
245 1 4 _aThe stranger
260 _aHornchurch
_bIan Henry Publications
_c1983
300 _a142 pages
350 _a0.00
995 _D0.00
_FCBU-MAIN LIBRARY (Kitwe)
_H1
_I5.45
_M1
_UAVAILABLE
_ZAnnex Low-Usage Collection
999 _c58469
_d58469